| 000 | 00426nam a2200157Ia 4500 | ||
|---|---|---|---|
| 999 |
_c18772 _d18772 |
||
| 003 | OSt | ||
| 005 | 20200626132045.0 | ||
| 008 | 190216s9999||||xx |||||||||||||| ||und|| | ||
| 040 | _coclc | ||
| 082 |
_a954.83 _bRAH/P |
||
| 100 |
_aRahiman, K Abdu _93239 |
||
| 245 | 0 |
_aPrachina Malabar / _cK Abdu Rahiman |
|
| 260 | _bBushra Books, | ||
| 300 | _a86p | ||
| 942 |
_cBK _2ddc _h954.83 _iRAH/P _k954.83 _mRAH/P |
||